000 00662nam a2200277Ia 4500
005 20260324131857.0
008 008 260324s9999 xx 000 0 eng d
020 _a9781315040578
037 _aEBOOK
040 _aCRL
040 _beng
040 _cCRL
041 _2eng
041 _aeng
084 _qCRL
100 _aVictor Vegoda
_91187178
245 4 _aThe Role of the Third Surveyor under the Party Wall Act 1996
260 _bTaylor and Francis
260 _c2005
365 _a
365 _b385
856 _uhttp://www.taylorfrancis.com/books/9781315040578
942 _cEBOOK
999 _c1784739
_d1784739